Foundations of geometry
Gespeichert in:
| 1. Verfasser: | |
|---|---|
| Format: | Buch |
| Sprache: | Englisch |
| Veröffentlicht: |
LaSalle
Open Court
1950
|
| Schlagworte: | |
| Tags: |
Tag hinzufügen
Keine Tags, Fügen Sie den ersten Tag hinzu!
|
MARC
| LEADER | 00000cam a2200000 a 4500 | ||
|---|---|---|---|
| 001 | UCQ9124 | ||
| 003 | CL-VaPUC | ||
| 008 | 981230e19500000US |||||||||||||||||eng|d | ||
| 082 | 0 | 4 | |a 516.1 |b HIL |2 21 |
| 100 | |a Hilbert, David |e author |9 423533 | ||
| 245 | 1 | 0 | |a Foundations of geometry |
| 300 | |a 143 p | ||
| 942 | |c BK | ||
| 945 | |d 19981230 00:00:00 |a crobeson | ||
| 260 | |a LaSalle |b Open Court |c 1950 | ||
| 650 | 7 | |a GEOMETRIA FUNDAMENTOS |2 CL-VaPUC |9 265944 | |
| 650 | 7 | |a GEOMETRIA EUCLIDEA |2 CL-VaPUC |9 359752 | |
| 583 | |a last modification |c 20120814 03:09:24 |k Rodrigo Vera | ||
| 999 | |c 278218 |d 278216 | ||
| 952 | |0 0 |1 0 |4 0 |6 516_100000000000000_HIL_1950 |7 0 |8 A |9 316656 |a BIBMAT |b BIBMAT |d 2019-11-20 |i 2640775 |o 516.1 HIL 1950 |p 2640775 |r 2025-01-07 |w 2019-11-20 |y BK |k MAT | ||
| 952 | |0 0 |1 0 |4 0 |6 516_100000000000000_HIL_1950 |7 0 |8 A |9 316657 |a BIBMAT |b BIBMAT |d 2019-11-20 |i 4889835 |o 516.1 HIL 1950 |p 4889835 |r 2025-01-07 |w 2019-11-20 |y BK |k MAT | ||